LEADER 01476nam a2200325 u 4500 001 000000079075 003 CaOOAMICUS 005 20070226123511.0 008 040525s2003 it u000 u ita u 020 $a8871051629 035 $a10996621 040 $aPUL$bita$dPUL 100 1 $aChiodi, Maurizio,$d1955-$0(OLS)http://pul/name/2943 245 12$aL'enigma della sofferenza e la testimonianza della cura :$bteologia e filosofia dinanzi alla sfida del dolore /$cMaurizio Chiodi. 246 38$aEnigma della sofferenza 260 $aMilano :$bGlossa,$cc2003. 300 $aVII, 310 p. ;$c21 cm 490 1 $aQuodlibet ;$v12. 500 $aContiene indice dei nomi. 504 $aBibliografia in nota. 650 4$aDolore$xAspetti religiosi.$0(OLS)http://pul/subject/4443 650 4$aMalattie$xAspetti morali e religiosi.$0(OLS)http://pul/subject/13246 830 0$aQuodlibet (Glossa) ;$v12.$0(OLS)http://pul/title/57327 850 $aPUL 852 $aPUL$W1$xSL Religione 3$y85$m241. 697 CHIMA 1$j101276$nBK-PRI$qDDC 21$B101276$CPULBib$Z2$F101276 $HPUL93912 $82 941 1 $a9 996 $6020$a8871051629$9(OLS)http://pul/number/103767 996 $6245$aL'enigma della sofferenza e la testimonianza della cura :$bteologia e filosofia dinanzi alla sfida del dolore$9(OLS)http://pul/title/103514 996 $6246$aEnigma della sofferenza$9(OLS)http://pul/title/103515 996 $6260$aMilano :$bGlossa$9(OLS)http://pul/publisher/53656 LEADER 01445nam a2200337 a 4500 001 000000132855 003 CaOOAMICUS 005 20130218140144.0 008 130218s2012 it ad u0000u ita r 020 $a978-88-6030-469-8 040 $aPUL$bita 041 1 $aita$heng 082 04$a152.4 100 1 $aBaron-Cohen, Simon.$0(OLS)http://pul/name/85629 240 10$aScience of evil.$lItaliano.$0(OLS)http://pul/title/167849 245 13$aLa scienza del male :$bl'empatia e le origini della crudeltà /$cSimon Baron-Cohen. 260 $aMilano :$bRaffaello Cortina,$c©2012. 300 $aXIII, 221 p. :$bill., grafici ;$c23 cm. 490 1 $aScienza e idee ;$v226 504 $aBibliografia p. 183-210. 650 4$aEmpatia.$0(OLS)http://pul/subject/39384 650 4$aViolenza$xAspetti psicologici.$0(OLS)http://pul/subject/39388 830 0$aScienza e idee (Raffaello Cortina) ;$v226.$0(OLS)http://pul/title/60185 850 $aPUL 852 $aPUL$W1$xSL Filosofia 3$y81$m152. 4 BARSI 1$j152781$b $qDDC 21$B152232$CPULBib$Z2$F152232 $H121651 $81 941 1 $a9 996 $6020$a978-88-6030-469-8$9(OLS)http://pul/number/151872 996 $6082$a152.4$9(OLS)http://pul/classification/638 996 $6245$aLa scienza del male :$bl'empatia e le origini della crudeltà$9(OLS)http://pul/title/167850 996 $6260$aMilano :$bRaffaello Cortina$9(OLS)http://pul/publisher/63509